Formula One: 2021 race winners - Statistics

General Stats
  • This quiz has been taken 56 times
  • The average score is 24 of 25
Answer Stats
Race Winner % Correct
Bahrain Grand Prix Lewis Hamilton
100%
Portuguese Grand Prix Lewis Hamilton
100%
Spanish Grand Prix Lewis Hamilton
100%
Emilia Romagna Grand Prix Max Verstappen
100%
Monaco Grand Prix Max Verstappen
100%
British Grand Prix Lewis Hamilton
95%
French Grand Prix Max Verstappen
95%
Styrian Grand Prix Max Verstappen
95%
Austrian Grand Prix Max Verstappen
95%
Azerbeijan Grand Prix Sergio Pérez
95%
Russian Grand Prix Lewis Hamilton
93%
São Paulo Grand Prix Lewis Hamilton
93%
Qatar Grand Prix Lewis Hamilton
93%
Saudi Arabian Grand Prix Lewis Hamilton
93%
British Sprint Max Verstappen
93%
Dutch Grand Prix Max Verstappen
93%
United States Grand Prix Max Verstappen
93%
Mexico City Grand Prix Max Verstappen
93%
Belgian Grand Prix Max Verstappen
91%
Abu Dhabi Grand Prix Max Verstappen
91%
Italian Sprint Valtteri Bottas
91%
Turkish Grand Prix Valtteri Bottas
91%
São Paulo Sprint Valtteri Bottas
91%
Hungarian Grand Prix Estaban Ocon
89%
Italian Grand Prix Daniel Ricciardo
84%
No matching quizzes found
Score Distribution
Percent of People with Each Score
Percentile by Number Answered
Your Score History
You have not taken this quiz